Normal view
MARC view
- العقود الادارية الالكترونية-القانون
Entry Topical Term
001 - CONTROL NUMBER
- control field: 61675
003 - CONTROL NUMBER IDENTIFIER
- control field: JO-AjAnu
005 - DATE AND TIME OF LATEST TRANSACTION
- control field: 20230606084057.0
008 - FIXED-LENGTH DATA ELEMENTS
- fixed length control field: 230606|| aca||aabn | a|a d
040 ## - CATALOGING SOURCE
- Original cataloging agency: JO-AjAnu
- Transcribing agency: JO-AjAnu
150 ## - HEADING--TOPICAL TERM
- Topical term or geographic name entry element: العقود الادارية الالكترونية-القانون
670 ## - SOURCE DATA FOUND
- Source citation: Work cat.: (JO-AjAnu)31458: المهنا، امين خشان حيون, author 61674, التنظيم القانوني للعقد الاداري االكتروني: دراسة مقارنة